00888nam a2200265 a 450000500170000000800410001704000250005804100080008304400070009109000130009810000350011124501160014626000530026230000100031565000300032565000150035565000100037065000300038065000160041065000130042666200130043994200130045299900130046595201440047820160826135121.0140220b1994 ck |||||rm||| 00| 0 spa d aCO-BoIAVHcCO-BoIAVH aspa ack aTEb00801 aJiménez Segura, Luz Fernanda10aComunidad íctica presente en la zona de los Gramalotes ubicados sobre el margen colombiano del río Amazonas aBogotábUniversidad Nacional de Colombiac1994 a75 p. aEcología de comunidades aGramalotes aPeces aBiología de una especie aInventarios aBiotopos aColombia cTESIS2z c403d403 00102z40708TESISIINV2017aBogotabBogotad1998-02-01eWCSl0oTE-0080p000554r2012-12-04 00:00:00tEj. 1w2012-12-04xDonacionyTESIS